00821nam a2200217 a 450000100100000000500170001000800410002704000250006808200200009324500580011326000370017130000200020850400550022859000240028365000330030765000590034065000320039991000370043195201180046899900170058600004339620201002040857.0140312s1994 dr 000 0 spa d aDO-SdBNPbspacBNPHU a371.0753bP371i00aPedagogía ignaciana :bun planteamiento práctico. aSanto Domingo :bSusaeta,c1994. a69 p. ;c21 cm. aIcluye bibliografía y notas al pie de páginas. aInventariado, 2018/ 4aJesuitasxEnseñanza971056 4aEducación religiosaxMétodos de enseñanza971057 4aPedagogía crítica92197 aValidado. Control de calidad EMS 0010718PDaPDbPDcHDd2014-03-12iLF1l0o371.0753 P371ip43396-10r2020-06-25w2020-06-25yLFPDZNo se presta c42885d42885